El derecho internacional contemporáneo

Bewaard in:
Bibliografische gegevens
Hoofdauteur: Jiménez de Aréchaga, Eduardo (Auteur)
Formaat: Boek
Taal:Spaans
Gepubliceerd in: Madrid Tecnos 1980
Reeks:Semilla y surco. Colección de Ciencias Sociales. Antonio Truyol y Serra. Serie de Relaciones Internacionales
Onderwerpen:
Tags: Voeg label toe
Geen labels, Wees de eerste die dit record labelt!

MARC

LEADER 00000nam a2200000 a 4500
001 UCV2038
003 CL-VaPUC
008 910927e19800000SP |||||||||||||||||spa|d
082 0 4 |a 341.01  |b JIM  |2 21 
100 |a Jiménez de Aréchaga, Eduardo  |e author  |9 296241 
245 1 3 |a El derecho internacional contemporáneo 
300 |a 379 p 
942 |c BK 
945 |d 19910927 00:00:00 
260 |a Madrid  |b Tecnos  |c 1980 
650 7 |a DERECHO INTERNACIONAL PUBLICO  |2 CL-VaPUC  |9 296242 
650 0 |a Corte internacional de justicia   |9 256554 
650 7 |a CASOS  |2 CL-VaPUC  |9 255604 
583 |a last modification  |c 19910927 00:00:00  |k Rodrigo Vera 
490 0 |a Semilla y surco. Colección de Ciencias Sociales. Antonio Truyol y Serra. Serie de Relaciones Internacionales 
999 |c 209729  |d 209727